000
00321nam a2200145Ia 4500
008
230312s9999||||xx |||||||||||||| ||und||
082
_a
612
_b
MAS-P
100
_a
Masood Ahmad
245
0
_a
Physical Pharmacy
260
_c
2009
300
_a
321
546
_a
Eng.
650
_a
Pharmacy
_v
Physical Pharmacy
942
_c
BK
999
_c
4090
_d
4090